| 000 | 00451nam a22001697a 4500 | ||
|---|---|---|---|
| 003 | CEME | ||
| 005 | 20210628202355.0 | ||
| 008 | 210311b xxu||||| |||| 00| 0 eng d | ||
| 020 | _a0-415-09238-8 | ||
| 040 | _c. | ||
| 082 | _a510.9 COM'G | ||
| 100 |
_aGuinness, I.G _959606 |
||
| 245 | _aCompanion encyclopedia of the history and philosophy of the mathematical science | ||
| 260 |
_aLONDON _bROUTLEDGE _c1992 |
||
| 300 | _a2VOL | ||
| 942 |
_cBK _2ddc |
||
| 999 |
_c569543 _d569543 |
||